[Event "Chioggia op-C 14th"]
[Site "Chioggia"]
[Date "2019.10.06"]
[Round "4"]
[White "Radalj, Ante"]
[Black "Montanari, Laura Hadewig"]
[Result "0-1"]
[WhiteElo "1247"]
[BlackElo "1322"]
[PlyCount "46"]
[EventDate "2019.10.04"]
[EventType "swiss"]
[EventRounds "5"]
[EventCountry "ITA"]
[SourceTitle "EXT 2022"]
[Source "ChessBase"]
[SourceDate "2021.10.06"]
[SourceVersion "1"]
[SourceVersionDate "2021.10.06"]
[SourceQuality "1"]

1. Nf3 Nf6 2. g3 d5 3. Bg2 Nc6 4. 0-0 e5 5. d3 Bc5 6. Bg5 h6 7. Bxf6 Qxf6 8. Nbd2 Bf5 9. Nh4 Be6 10. a3 g5 11. Nhf3 h5 12. h4 gxh4 13. Nxh4 Rg8 14. Kh1 Bxf2 15. c4 Rxg3 16. Nhf3 Be3 17. Qe1 Qf4 18. Rd1 Nd4 19. Nh2 Qg5 20. Ndf3 Nxf3 21. Bxf3 Bh3 22. Bxd5 Bxf1 23. Qxf1 Rg1+ 0-1

[Event "Chioggia op-C 14th"]
[Site "Chioggia"]
[Date "2019.10.05"]
[Round "2"]
[White "De Bianchi, Asia"]
[Black "Montanari, Laura Hadewig"]
[Result "1-0"]
[WhiteElo "1442"]
[BlackElo "1322"]
[PlyCount "43"]
[EventDate "2019.10.04"]
[EventType "swiss"]
[EventRounds "5"]
[EventCountry "ITA"]
[SourceTitle "EXT 2022"]
[Source "ChessBase"]
[SourceDate "2021.10.06"]
[SourceVersion "1"]
[SourceVersionDate "2021.10.06"]
[SourceQuality "1"]

1. c4 e5 2. Nc3 Nf6 3. e4 Nc6 4. Nf3 Bc5 5. Nxe5 Nxe5 6. d4 Bb4 7. dxe5 Nxe4 8. Qc2 Nxc3 9. bxc3 Ba5 10. Bd3 Qe7 11. 0-0 d6 12. Qa4+ c6 13. Qxa5 dxe5 14. Re1 0-0 15. Ba3 Qd7 16. Bxh7+ Kxh7 17. Bxf8 Qd3 18. Qxe5 f6 19. Qh5+ Kg8 20. Re8 Bg4 21. Qxg4 g5 22. Rxa8 1-0